| 000 | 00530nam a22001217a 4500 | ||
|---|---|---|---|
| 008 | 100718t xxu||||| |||| 00| 0 eng d | ||
| 082 |
_222 _a160 _bت ا ر |
||
| 245 |
_aمقدمة للمنطق ولمنهج البحث فى العلوم الإستدلالية / _cالفرد تاسكى؛ ترجمة عزمى إسلام؛ مراجعة |
||
| 260 |
_a[القاهرة] : _bالهيئة المصرية العامة للتأليف والنشر, _c1970. |
||
| 300 |
_a335 ص ؛ _c25 سم |
||
| 650 |
_913686 _aالمنطق |
||
| 942 |
_2ddc _cBB |
||
| 999 |
_c14494 _d14494 |
||